| 000 | 00784cab a2200241 4500 | ||
|---|---|---|---|
| 001 | WB3314-21 | ||
| 008 | 090401t1997 xxu||||| |||| 00| 0 eng d | ||
| 035 | _a(Sirsi) u77599 | ||
| 041 | _aeng | ||
| 245 | _aGreen agenda unveiled | ||
| 260 | _c1997 | ||
| 350 | _a0 | ||
| 490 |
_aWestern Morning News _v24 March 1997, 36(1) |
||
| 520 | _aA survey commissioned by the Royal Society of the Protection of Birds has highlighted environmental issues that should be tackled by the next government. | ||
| 650 | _aENVIRONMENTAL ISSUES | ||
| 650 | _aMARINE POLLUTION | ||
| 650 | _aROYAL SOCIETY OF THE PROTECTION OF BIRDS | ||
| 650 | _aSUSTAINABLE ENVIRONMENT | ||
| 650 | _aTRAFFIC POLLUTION | ||
| 690 | _aENVIRONMENTAL AND LAND CONSULTANCY | ||
| 942 | _n0 | ||
| 948 | _c04/04/1997 | ||
| 999 |
_c48782 _d48782 |
||